| 000 | 00552nam a22001937a 4500 | ||
|---|---|---|---|
| 008 | 150602b xxu||||| |||| 00| 0 eng d | ||
| 020 | _a0072310022 | ||
| 020 | _a0071169806 | ||
| 041 | 0 | _aeng | |
| 080 | _a336 | ||
| 100 | 1 | _aRose, Peter S. | |
| 245 | 1 | 0 |
_aMoney and capital markets : _cPeter S. Rose. |
| 250 | _a7th ed. | ||
| 260 |
_aBoston, Mass. : _bIrwin McGraw-Hill, _c2000. |
||
| 300 |
_a836 f. : _bme il.; _c26 cm. |
||
| 650 | 0 | _aFinancë | |
| 650 | 0 | _aParaja | |
| 942 |
_2udc _cBK |
||
| 999 |
_c969 _d969 |
||